Statistics for Largest European Cities on a Map by Letter - G

Click here to take the quiz!

General Stats

  • This quiz has been taken 305 times
  • The average score is 12 of 19

Answers on the Map

Answers color-coded by a green-red scale on the quiz's map according to % correct below.
 

Answer Stats

Pop.City% Correct
622kGlasgow
100%
579kGenoa
95%
572kGothenburg
95%
465kGdansk
94%
202kGeneva
86%
289kGraz
77%
262kGhent
76%
231kGranada
74%
159kGrenoble
66%
203kGroningen
61%
271kGijón
54%
541kGomel
50%
150kGloucester
46%
246kGdynia
45%
261kGelsenkirchen
40%
183kGetafe
32%
376kGrodno
28%
212kGalați
27%
180kGliwice
21%

Score Distribution

Percentile by Number Answered

Percent of People with Each Score

Your Score History

You have not taken this quiz